| 000 | 00927cab a2200277 4500 | ||
|---|---|---|---|
| 001 | WB2837-28 | ||
| 008 | 090401t1992 xxu||||| |||| 00| 0 eng d | ||
| 035 | _a(Sirsi) u19185 | ||
| 041 | _aeng | ||
| 245 | _aRural pleasures have their price | ||
| 260 | _c1992 | ||
| 350 | _a0 | ||
| 490 |
_aIndependent _v22 September 1992, 3(1) |
||
| 520 | _aResearchers from the University of Newcastle claim to have developed a way of valuing the countryside. The unit calculates that £900m should be added to the national income accounts to take account of the landscape and amenity benefits of agriculture and forestry. | ||
| 650 | _aAMENITY VALUE | ||
| 650 | _aCOUNTRYSIDE CHANGE PROGRAMME | ||
| 650 | _aCOUNTRYSIDE | ||
| 650 | _aLANDSCAPES | ||
| 650 | _aRURAL AREAS | ||
| 650 |
_aValuation _96273 |
||
| 650 | _aVALUE | ||
| 690 | _aCONSERVATION | ||
| 690 | _aRATING AND VALUATION | ||
| 942 | _n0 | ||
| 948 | _c04/03/1997 | ||
| 999 |
_c12780 _d12780 |
||